The politics of modernization /

Bibliographic Details
Main Author: Apter, David E. (David Ernest), 1924-2010
Format: Book
Language:English
Published: Chicago : University of Chicago Press, [1965]
Subjects:

MARC

Tag First Indicator Second Indicator Subfields
LEADER 00000cam a2200000 4500
001 in00000058738
005 20151008050454.0
008 720117s1965 ilu b 00000 eng u
010 |a  65024421  
035 |a (OCoLC)00222963 
035 |9 AAG1237AM 
040 |c YNG  |d TXA  |d UtOrBLW 
049 |a TXAM  |c [451845] 
050 0 |a JF51  |b .A7 
092 |a 320.3  |b A655p 
100 1 |a Apter, David E.  |q (David Ernest),  |d 1924-2010. 
245 1 4 |a The politics of modernization /  |c [by] David E. Apter. 
264 1 |a Chicago :  |b University of Chicago Press,  |c [1965] 
300 |a xvi, 481 pages 
336 |a text  |b txt  |2 rdacontent 
337 |a unmediated  |b n  |2 rdamedia 
338 |a volume  |b nc  |2 rdacarrier 
504 |a Bibliographical footnotes. 
650 0 |a Comparative government. 
650 0 |a Political science  |x History. 
999 |a MARS 
999 f f |s f0c1c1c5-52e7-39f6-9887-46c1bb86ed0e  |i 54eb6a58-c70e-3c58-aa43-c187d2b7cd50  |t 0 
952 f f |p ric  |a Texas A&M University  |b Rellis Campus  |c Joint Library Facility  |d Remote Storage  |t 0  |e JF51 .A7  |h Library of Congress classification  |i unmediated -- volume  |m A14800658622 
998 f f |a JF51 .A7  |t 0  |l Remote Storage